000 00915nam a2200289 a 4500
001 67045
003 BD-RjUL
005 20211209081617.0
008 170322r19871982enka b 000 0 eng
020 _a0521231256
020 _a0521298296 (pbk.)
035 _a(BD-RjUL)67176
040 _aDLC
_cDLC
_dBD-RjUL
_beng
041 _aeng
082 0 0 _a338.1
_223
_bBAE 1987
100 2 _aBayliss-Smith, Tim.
_9198576
245 1 4 _aThe ecology of agricultural systems /
_cT.P. Bayliss-Smith.
260 _aNew York :
_bCambridge University Press,
_c1982 [ Reprinted 1987].
300 _a112 p. :
_bill. ;
_c26 cm.
504 _aIncludes bibliography
650 0 _aAgricultural systems
_9198578
650 0 _aAgricultural ecology.
_9197649
830 _aCambridge topics in geography.
_9199659
942 _2ddc
_cBK
999 _c67045
_d67045